10 największych powiatów w woj. Warmińsko-Mazurskim - Statystyki

Ogólne statystyki
  • Ten quiz został rozwiązany 10 razy
  • Średni wynik to 9 z 10
Statystyki odpowiedzi
Powierzchnia Powiat % Poprawnych
1431km² elbląski
100%
1112km² ełcki
100%
1385km² iławski
100%
2840km² olsztyński
100%
1765km² ostródzki
100%
1309km² bartoszycki
90%
1119km² giżycki
90%
1776km² piski
90%
1933km² szczycieński
90%
1213km² kętrzyński
80%
Nie znaleziono quizów pasujących do podanych kryteriów
Rozkład punktacji
Procent ludzi z każdym wynikiem
Percentyl według liczby udzielonych odpowiedzi
Twoja historia wyników
Nie rozwiązałeś tego quizu